000
00290nam a22001337a 4500
008
180926b xxu||||| |||| 00| 0 eng d
020
_a
9780072558357
041
_a
eng
080
_2
17th
_a
316
100
_a
50
101
_a
SOC
245
_a
Sexuality Today
_c
Kelly,G.F
942
_2
udc
_c
BK
999
_c
48469
_d
48469